Top 10 Argentine Football Transfer Records - Statistics

General Stats
  • This quiz has been taken 264 times
    129 since last reset
  • The average score is 9 of 10
Answer Stats
Rank Name Joined Left Season Fee % Correct
4 Ángel Di María Manchester United Real Madrid 14/15 €75.00m Argentina
98%
5 Ángel Di María Paris Saint-Germain Manchester United 15/16 €63.00m Argentina
98%
3 Julián Álvarez Atlético de Madrid Manchester City 24/25 €75.00m Argentina
96%
1 Enzo Fernández Chelsea FC SL Benfica 22/23 €121.00m Argentina
93%
6 Lisandro Martínez Manchester United Ajax Amsterdam 22/23 €57.37m Argentina
91%
2 Gonzalo Higuaín Juventus FC SSC Napoli 16/17 €90.00m Argentina
90%
8 Cristian Romero Tottenham Hotspur Atalanta BC 22/23 €52.00m Argentina
82%
9 Mauro Icardi Paris Saint-Germain Inter Milan 20/21 €50.00m Argentina
77%
7 Hernán Crespo SS Lazio Parma Calcio 1913 00/01 €56.81m Argentina
68%
10 Franco Mastantuono Real Madrid CA River Plate 25/26 €45.00m Argentina
57%
No matching quizzes found
Score Distribution
Percent of People with Each Score
Percentile by Number Answered
Your Score History
You have not taken this quiz since the last reset